000 00697nam a22002297a 4500
005 20170124110028.0
010 _aA-516929
020 _c00.00
_a8122403794
035 _aA-516929
037 _bCen Lib/Ret
040 _aDPL
_bEN
082 _a301.91724
_bALB
100 _aAlbornoz, Orlando
_921039
245 _aSociology and the third world perspective /
_cby Orlando Albornoz
260 _aNew Delhi
_bWiley Eastern
_c1992
270 _bNew Delhi
_a4835/24, Ansari Road, Darya Ganj
_e110002
300 _a95p.
_c20cm(Hb)
500 _aIncludes index
650 _aSociology -- Latin America
_921040
650 _aSociology
_921041
942 _2ddc
_cEN
_h301.91724
_mALB
999 _c127623
_d127623